| 000 | 00566nam a2200229 a 4500 | ||
|---|---|---|---|
| 001 | 0001-1430 | ||
| 003 | ELIB.Books | ||
| 008 | 170321 2010 eng | ||
| 020 | _aKBTS | ||
| 035 | _a(ELIB.Books)0001-1585 | ||
| 092 |
_aThesis Bug _bBu |
||
| 100 | _aBu Gay, Saw | ||
| 245 | _aThe Challenges of Christian Youth Kyar Inn Association | ||
| 260 |
_aKBTS _bKBTS Library _c2016 |
||
| 300 | _c29.7 Cm | ||
| 650 | _aThesis | ||
| 856 |
_nKBTS Library _uKBTS: ELIB |
||
| 942 |
_2ddc _cBK |
||
| 990 | _a1 | ||
| 998 |
_cbat _e2017-03-21 |
||
| 999 |
_c11430 _d11430 |
||